Statistics for Irish Question Words

Click here to take the quiz!

General Stats

  • This quiz has been taken 37 times
  • The average score is 7 of 16

Answer Stats

HintAnswer% Correct
where
100%
who
100%
whatcad
85%
whencathain
69%
do you likean maith leat
62%
whycén fath
62%
howconas
62%
what timecén t-am
54%
whatcéard
38%
whencén uair
31%
howcad é mar
8%
how muchCá mhead
8%
wherecen áit
8%
whichcé acu
0%
what typecineál
0%
can IIs feidir liom
0%

Score Distribution

Percentile by Number Answered

Percent of People with Each Score

Your Score History

You have not taken this quiz